000 00340nam a22001457a 4500
003 OSt
005 20160727222408.0
008 160624b xxu||||| |||| 00| 0 eng d
040 _cTest
100 _9911
_aHill, G.L
245 _aThe City of Fire
260 _aN.J
_b Fleming H.Revell.Com
_c1922
300 _aThe City of Fire
942 _2ddc
_cBK
999 _c724
_d724